000 00755nam a2200253 a 4500
001 1067
005 20140414131847.0
008 041018s19uu xx 00 eng d
020 _a0-8343-0014-1
050 _aM 372.41
_bF91 v.6
100 _aFrith, Michael
245 _aThe sesame street library, v.6 /
_cwritten by Michael Frith ; illustrated by Mel Crawford.
260 _aNew York :
_bFunk and Wagnalls,
_c1978.
300 _ap. : ill. ; cm.
440 _aThe Sesam Street Library
500 _aContents: Featuring the letters L and M and the number 6.
520 _aWith Jim Henson's Muppets.
650 _aAlphabet.
650 _aNumber concept.
650 _aCounting.
650 _aReading.
999 _c109990
_d109990